[Event "4NCL Rapid Team 2014"]
[Site "Daventry ENG"]
[Date "2014.10.04"]
[Round "4.3"]
[White "Grund, Holger"]
[Black "Baruch, Andrew J D"]
[Result "0-1"]
[WhiteElo "2415"]
[BlackElo "2059"]
[WhiteTeam "Sons of Anarchy Grantham 1"]
[BlackTeam "Warwickshire Select"]
[WhiteFideId "4624475"]
[BlackFideId "412236"]
[EventDate "2014.10.04"]

1. e4 g6 2. d4 Bg7 3. Nc3 d6 4. Nf3 a6 5. Be3 b5 6. a4 b4 7. Ne2 Nf6 8. Ng3 h5
9. e5 Ng4 10. Bf4 h4 11. Ne4 Bb7 12. Bd3 dxe5 13. dxe5 Nc6 14. e6 f5 15. Neg5
Bxb2 16. O-O Qd5 17. Rb1 Bc3 18. h3 Nge5 19. Be2 O-O-O 20. Bxe5 Nxe5 21. Qxd5
Rxd5 22. Nxe5 Rxe5 23. Bc4 Rc5 24. Bb3 Rd8 25. Rfd1 Rd2 26. Nf7 Bd5 27. Rxd2
Bxd2 28. Rd1 Bxb3 29. cxb3 Rc1 30. Rxc1 Bxc1 31. Ne5 c5 32. Nxg6 c4 33. bxc4 b3
34. Nxe7+ Kd8 35. Nd5 Bd2 36. c5 b2 37. c6 b1=Q+ 38. Kh2 Ba5 39. f4 Qd1 40. e7+
Ke8 41. c7 Bxc7 42. Nxc7+ Kxe7 43. Nxa6 Qxa4 0-1

[Event "4NCL Rapid Team 2014"]
[Site "Daventry ENG"]
[Date "2014.10.04"]
[Round "5.1"]
[White "Mayhew, Andrew"]
[Black "Batchelor, Peter J"]
[Result "1-0"]
[WhiteElo "2120"]
[BlackElo "2236"]
[WhiteTeam "RSJ"]
[BlackTeam "Sons of Anarchy Grantham 2"]
[WhiteFideId "405493"]
[BlackFideId "424854"]
[EventDate "2014.10.04"]

1. d4 d5 2. Nc3 Nf6 3. Bf4 g6 4. Qd2 Bg7 5. Bh6 O-O 6. h4 Nc6 7. O-O-O Bf5 8. f3
Nb4 9. Bxg7 Kxg7 10. e4 dxe4 11. fxe4 Bg4 12. Nf3 c6 13. Qf4 Bxf3 14. gxf3 h5
15. d5 Rc8 16. a3 Na6 17. dxc6 Qb6 18. e5 Ne8 19. Bxa6 bxa6 20. Rd7 Qxc6 21.
Rxe7 Nc7 22. Rd1 Rce8 23. Qf6+ Qxf6 24. exf6+ Kxf6 25. Rxc7 Kf5 26. Rd4 Re1+ 27.
Kd2 Rh1 28. Ne2 Rh2 29. Rf4+ Ke6 30. Ke3 f5 31. Rxa7 Ke5 32. Ra4 f4+ 33. Kd3
Rd8+ 34. Nd4 Rh3 35. Ra5+ Kf6 36. R5xa6+ Ke5 37. Re7+ Kd5 38. c4+ Kc5 39. Re5+ 1-0

[Event "4NCL Rapid Team 2014"]
[Site "Daventry ENG"]
[Date "2014.10.04"]
[Round "5.1"]
[White "Purton, Ben J"]
[Black "Snape, Ian L"]
[Result "1/2-1/2"]
[WhiteElo "2142"]
[BlackElo "2172"]
[WhiteTeam "Sons of Anarchy Grantham 2"]
[BlackTeam "RSJ"]
[WhiteFideId "411132"]
[BlackFideId "404489"]
[EventDate "2014.10.04"]

1. e4 c5 2. Nf3 d6 3. Bb5+ Nc6 4. O-O Nf6 5. e5 dxe5 6. Nxe5 Bd7 7. Bxc6 Bxc6 8.
Nxc6 bxc6 9. Nc3 e6 10. Qf3 Qc7 11. h3 Rd8 12. d3 Nd5 13. Bd2 Be7 14. Ne4 O-O
15. a3 Nf6 16. Bc3 e5 17. Nxf6+ Bxf6 18. Rfe1 Qd6 19. Re4 Qd5 20. Rae1 Rfe8 21.
Qf5 h6 22. f4 Re6 23. fxe5 g6 24. Qf3 Bg7 25. Kh1 Rde8 26. Qg3 Kh7 27. Qf4 Kg8
28. b3 R6e7 29. R1e3 Re6 30. Bb2 R6e7 31. Qg3 Re6 32. Re2 R6e7 33. a4 a6 34. Qe3
Re6 35. Ba3 Rxe5 36. Qf3 1/2-1/2

[Event "4NCL Rapid Team 2014"]
[Site "Daventry ENG"]
[Date "2014.10.04"]
[Round "5.1"]
[White "Talsma, Paul"]
[Black "Varnam, Liam D"]
[Result "0-1"]
[WhiteElo "2193"]
[BlackElo "2124"]
[WhiteTeam "RSJ"]
[BlackTeam "Sons of Anarchy Grantham 2"]
[WhiteFideId "1018779"]
[BlackFideId "410950"]
[EventDate "2014.10.04"]

1. d4 d5 2. c4 dxc4 3. Nf3 Nf6 4. e3 e6 5. Bxc4 c5 6. O-O a6 7. Qe2 Nc6 8. a3 b5
9. Ba2 Bb7 10. Rd1 Qc7 11. dxc5 Bxc5 12. b4 Bd6 13. Nbd2 O-O 14. Bb2 Ng4 15. h3
Nge5 16. Rac1 Qe7 17. Nxe5 Bxe5 18. Bxe5 Nxe5 19. Rc5 Nc6 20. Nb3 Rfd8 21. Rdc1
Rac8 22. Bb1 f5 23. Ba2 Kh8 24. Rd1 Rxd1+ 25. Qxd1 Rd8 26. Qc2 Qd6 27. Qc3 Qd1+
28. Kh2 Qd6+ 29. g3 Ne7 30. Nd4 e5 31. Ne6 Qd1 32. Qc1 Qf3 33. Qc3 Qd1 34. Qc1
Qf3 35. Qc3 Qd1 0-1

[Event "4NCL Rapid Team 2014"]
[Site "Daventry ENG"]
[Date "2014.10.04"]
[Round "5.1"]
[White "Summerscale, Claire E"]
[Black "Jones, William E G"]
[Result "0-1"]
[WhiteElo "1936"]
[BlackElo "2124"]
[WhiteTeam "Sons of Anarchy Grantham 2"]
[BlackTeam "RSJ"]
[WhiteFideId "410926"]
[BlackFideId "470554"]
[EventDate "2014.10.04"]

1. d4 Nf6 2. Nc3 d5 3. Bg5 Nbd7 4. f3 c5 5. Bxf6 Nxf6 6. e4 dxe4 7. dxc5 Qc7 8.
c6 bxc6 9. fxe4 g6 10. Nf3 Bg7 11. Bc4 O-O 12. Qe2 Qb6 13. Bb3 Ba6 14. Qf2 Ng4
15. Qxb6 axb6 16. Na4 Rab8 17. c3 Bd3 18. h3 Ne5 19. Nxe5 Bxe5 20. Kf2 Bd6 21.
c4 Bxe4 22. Rhe1 Bf5 23. Rad1 b5 24. cxb5 cxb5 25. Nc3 Kg7 26. Nd5 Be6 27. Rd3
Rfc8 28. Re2 Rc5 29. Ne3 Bc4 30. Bxc4 bxc4 31. Rc3 Rbc8 32. Rec2 Ra8 33. a3 Be5
34. Rxc4 Rb5 35. Rb4 Rxb4 36. axb4 Rb8 37. Nd5 Bd6 38. Ke3 e6 39. Nc3 Rxb4 40.
Ne4 Be5 41. Rf2 Rxb2 42. Rxb2 Bxb2 43. Kf3 Bd4 44. Nd2 f5 45. Nb3 Bb6 46. Nd2 e5
47. Nc4 Bd4 48. Nd2 Kf6 49. Nb3 e4+ 50. Ke2 Ke5 0-1

[Event "4NCL Rapid Team 2014"]
[Site "Daventry ENG"]
[Date "2014.10.04"]
[Round "5.2"]
[White "Jackson, James P"]
[Black "Smerdon, David"]
[Result "0-1"]
[WhiteTitle "FM"]
[BlackTitle "GM"]
[WhiteElo "2336"]
[BlackElo "2506"]
[WhiteTeam "Barbican 2"]
[BlackTeam "Guildford"]
[WhiteFideId "416860"]
[BlackFideId "3202305"]
[EventDate "2014.10.04"]

1. e4 d5 2. exd5 Nf6 3. d4 Bg4 4. Be2 Bxe2 5. Nxe2 Qxd5 6. O-O Nc6 7. Nbc3 Qh5
8. Nf4 Qxd1 9. Rxd1 O-O-O 10. Be3 a6 11. a3 g5 12. Nfe2 h6 13. d5 Nb8 14. Bd4
Bg7 15. Ng3 e6 16. dxe6 fxe6 17. Nce4 Nbd7 18. Nxf6 Bxf6 19. Bxf6 Nxf6 20. Kf1
Rd6 21. Ke2 Rhd8 22. Nf1 Nd5 23. g3 Rb6 24. Rdb1 g4 25. Nd2 Nf6 26. Nc4 Rb5 27.
Rd1 Rh5 28. Rxd8+ Kxd8 29. Rh1 Ke7 30. Ne3 a5 31. a4 c6 32. b3 b5 33. axb5 cxb5
34. Ra1 Rxh2 35. Rxa5 h5 36. Rxb5 Ne4 37. Rb7+ Kf6 38. Nd1 Nxg3+ 39. Kd3 Nf5 40.
b4 h4 41. Ne3 Rh3 42. Rh7 g3 43. Nxf5 g2+ 44. Kd4 0-1

[Event "4NCL Rapid Team 2014"]
[Site "Daventry ENG"]
[Date "2014.10.04"]
[Round "5.2"]
[White "Flear, Glenn C"]
[Black "Poobalasingam, Peter S"]
[Result "1-0"]
[WhiteTitle "GM"]
[BlackTitle "FM"]
[WhiteElo "2462"]
[BlackElo "2239"]
[WhiteTeam "Guildford"]
[BlackTeam "Barbican 2"]
[WhiteFideId "400165"]
[BlackFideId "410683"]
[EventDate "2014.10.04"]

1. d4 d6 2. c4 e5 3. d5 g6 4. Nc3 Bg7 5. e4 Ne7 6. h4 h6 7. h5 f5 8. hxg6 Nxg6
9. exf5 Bxf5 10. Bd3 Qf6 11. Bxf5 Qxf5 12. Qf3 Qf7 13. Qxf7+ Kxf7 14. Nge2 c6
15. Be3 cxd5 16. cxd5 Na6 17. O-O-O Nc7 18. Ng3 Ne7 19. Nge4 Ne8 20. Nb5 Nc8 21.
Kb1 a6 22. Na3 b5 23. Rc1 Ne7 24. Rhd1 Rd8 25. Nc2 Rd7 26. Nb4 a5 27. Nc6 Nc7
28. Nxe7 Kxe7 29. Rc6 Rb8 30. Nxd6 Rxd6 31. Rxc7+ Rd7 32. Rdc1 Rd8 33. Rxd7+
Kxd7 34. Rc5 Rb8 35. f3 h5 36. Kc2 Bf8 37. Rc6 Bd6 38. Ra6 Rg8 39. Ra7+ Kc8 40.
Ra8+ Bb8 1-0

[Event "4NCL Rapid Team 2014"]
[Site "Daventry ENG"]
[Date "2014.10.04"]
[Round "5.2"]
[White "Buchicchio, Giampaolo"]
[Black "Wall, Gavin"]
[Result "1-0"]
[WhiteTitle "FM"]
[BlackTitle "IM"]
[WhiteElo "2295"]
[BlackElo "2314"]
[WhiteTeam "Barbican 2"]
[BlackTeam "Guildford"]
[WhiteFideId "811491"]
[BlackFideId "2501244"]
[EventDate "2014.10.04"]

1. e4 e5 2. d4 exd4 3. Nf3 d6 4. Nxd4 Nf6 5. Nc3 Be7 6. Bc4 O-O 7. O-O a6 8. a4
Nc6 9. h3 Nb4 10. f3 d5 11. exd5 Bc5 12. Be3 Nbxd5 13. Nxd5 Nxd5 14. Bf2 Nf4 15.
Ne2 Qg5 16. Nxf4 Bxf2+ 17. Rxf2 Qxf4 18. Qe2 Bf5 19. Re1 h5 20. Bb3 Bg6 21. Qe5
Qb4 22. Rfe2 Qb6+ 23. Kh1 Rad8 24. f4 Rfe8 25. Qg5 Kf8 26. f5 Qc5 27. Qxd8 Rxd8
28. fxg6 f6 29. Bf7 Qc6 30. b3 f5 31. Rf1 h4 32. Rfe1 f4 33. Rf1 f3 34. Rxf3
Rd1+ 35. Kh2 Qd6+ 36. g3 Rd2 37. Bc4+ 1-0

[Event "4NCL Rapid Team 2014"]
[Site "Daventry ENG"]
[Date "2014.10.04"]
[Round "5.2"]
[White "Flear, Christine"]
[Black "Sands, David A"]
[Result "1/2-1/2"]
[WhiteTitle "WIM"]
[WhiteElo "2181"]
[BlackElo "2194"]
[WhiteTeam "Guildford"]
[BlackTeam "Barbican 2"]
[WhiteFideId "602604"]
[BlackFideId "402060"]
[EventDate "2014.10.04"]

1. d4 d5 2. c4 c6 3. Nc3 Nf6 4. e3 a6 5. Qc2 g6 6. Nf3 Bg7 7. Ne5 O-O 8. Bd3
Nbd7 9. f4 dxc4 10. Bxc4 c5 11. Qb3 Qe8 12. a4 cxd4 13. exd4 e6 14. O-O Qe7 15.
Be3 Ne8 16. Ne4 Ndf6 17. Nxf6+ Nxf6 18. Rac1 Rd8 19. Rc2 Nd5 20. Bxd5 exd5 21.
Rfc1 f6 22. Rc7 Qe8 23. Nf3 Bd7 24. Qxd5+ Kh8 25. Bf2 Bc6 26. Qb3 Bd5 27. Qc3
Qxa4 28. Re1 Rd7 29. Rc8+ Rd8 30. Rc7 Rd7 31. Qc5 Rxc7 32. Qxc7 Qc6 33. Qxc6
Bxc6 34. Nd2 Rd8 35. Nb3 Kg8 36. Nc5 Bf8 37. Rc1 Bxc5 38. Rxc5 Kf7 39. f5 gxf5
40. Rxf5 1/2-1/2

[Event "4NCL Rapid Team 2014"]
[Site "Daventry ENG"]
[Date "2014.10.04"]
[Round "5.3"]
[White "Piper, Matthew S"]
[Black "Rudd, Jack"]
[Result "1/2-1/2"]
[BlackTitle "IM"]
[WhiteElo "2362"]
[BlackElo "2254"]
[WhiteTeam "Barbican 1"]
[BlackTeam "West is Best 1"]
[WhiteFideId "401463"]
[BlackFideId "405736"]
[EventDate "2014.10.04"]

1. c4 e5 2. g3 Nf6 3. Bg2 g6 4. Nc3 Bg7 5. e4 O-O 6. Nge2 d6 7. O-O Nc6 8. d3
Nh5 9. Nd5 f5 10. exf5 gxf5 11. f4 Nf6 12. Rb1 a5 13. a3 Nxd5 14. Bxd5+ Kh8 15.
b4 axb4 16. axb4 Ne7 17. Bg2 Ng6 18. Bb2 c6 19. Kh1 Be6 20. b5 cxb5 21. cxb5 Ra5
22. Bc3 Ra7 23. Ra1 Rxa1 24. Qxa1 Qb6 25. Qb2 Ra8 26. Ra1 Rxa1+ 27. Qxa1 Qxb5
28. Qa8+ Bg8 29. Qxb7 Qxd3 30. Qf3 Qxf3 31. Bxf3 e4 32. Bxg7+ Kxg7 33. Bg2 d5
34. Kg1 Kf6 35. Kf2 Be6 36. Ke3 h5 37. Kd4 h4 38. Nc3 hxg3 39. hxg3 Ne7 40. Bf1
Nc6+ 41. Kc5 Ne7 42. Ba6 Bf7 43. Bb7 Kg6 44. Kd6 d4 45. Nxe4 fxe4 46. Bxe4+ Kf6 1/2-1/2

[Event "4NCL Rapid Team 2014"]
[Site "Daventry ENG"]
[Date "2014.10.04"]
[Round "5.3"]
[White "Stewart, Joseph J"]
[Black "Pritchett, Craig W"]
[Result "1/2-1/2"]
[BlackTitle "IM"]
[WhiteElo "2200"]
[BlackElo "2315"]
[WhiteTeam "West is Best 1"]
[BlackTeam "Barbican 1"]
[WhiteFideId "412333"]
[BlackFideId "2400065"]
[EventDate "2014.10.04"]

1. e4 c5 2. Nf3 e6 3. Qe2 Nc6 4. g3 g6 5. Bg2 Bg7 6. O-O Nge7 7. Rd1 O-O 8. c3
e5 9. d3 d6 10. Nbd2 h6 11. Nb3 Be6 12. Be3 a5 13. d4 cxd4 14. cxd4 a4 15. Nc1
Bg4 16. dxe5 Nxe5 17. Nd3 Nxf3+ 18. Bxf3 Bxf3 19. Qxf3 a3 20. Rab1 axb2 21. Nxb2
Rxa2 22. Nc4 Ra6 23. Rxb7 Qc8 24. Rxe7 Qxc4 25. Bf4 Rfa8 26. Qd3 Qxd3 27. Rxd3
Bf8 28. Rd7 Re8 29. f3 Re6 30. Rd8 g5 31. Bd2 Ra1+ 32. Kg2 Rd1 33. Rd5 Rb1 34.
Bc3 Rc1 35. Bb4 Rc6 36. e5 Kg7 37. Bxd6 Bxd6 38. R8xd6 Rc2+ 39. Kh3 Kg6 40. g4
Re2 41. Rxe6+ fxe6 42. Rc5 h5 43. gxh5+ Kxh5 44. Kg3 Kg6 45. h3 Kf5 46. Rb5 Re1
47. Ra5 Rg1+ 48. Kf2 Rh1 49. Kg2 Re1 1/2-1/2

[Event "4NCL Rapid Team 2014"]
[Site "Daventry ENG"]
[Date "2014.10.04"]
[Round "5.3"]
[White "Dorrington, Chris J"]
[Black "Bullen, Alex"]
[Result "1-0"]
[WhiteElo "2329"]
[BlackElo "2021"]
[WhiteTeam "Barbican 1"]
[BlackTeam "West is Best 1"]
[WhiteFideId "410462"]
[BlackFideId "1801627"]
[EventDate "2014.10.04"]

1. Nf3 d5 2. c4 e6 3. d4 Nf6 4. g3 dxc4 5. Bg2 a6 6. O-O b5 7. Ne5 Nd5 8. e4 Nf6
9. Nc3 Bb7 10. Re1 Be7 11. f4 O-O 12. g4 c5 13. d5 b4 14. g5 bxc3 15. gxf6 cxb2
16. fxe7 bxa1=Q 17. exd8=Q Rxd8 18. Qh5 g6 19. Qh4 Nd7 20. Be3 Qb2 21. Nxf7 Rf8
22. Ng5 Nf6 23. e5 Nh5 24. Nxe6 Rf7 25. Nxc5 Qb4 26. e6 Rc7 27. Nxb7 Rxb7 28. d6
Qxd6 29. Bxb7 Rb8 30. e7 Kf7 31. Ba7 c3 32. Bxb8 Qb6+ 33. Qf2 1-0

[Event "4NCL Rapid Team 2014"]
[Site "Daventry ENG"]
[Date "2014.10.04"]
[Round "5.3"]
[White "Richardt, Mike"]
[Black "Rogers, Jonathan W"]
[Result "0-1"]
[BlackTitle "FM"]
[WhiteElo "1975"]
[BlackElo "2297"]
[WhiteTeam "West is Best 1"]
[BlackTeam "Barbican 1"]
[WhiteFideId "405280"]
[BlackFideId "402052"]
[EventDate "2014.10.04"]

1. d4 d5 2. Nf3 Nf6 3. c4 e6 4. e3 Bb4+ 5. Nc3 O-O 6. Qc2 c5 7. dxc5 Nbd7 8. Bd2
Bxc5 9. Be2 dxc4 10. Bxc4 a6 11. Ne4 Nxe4 12. Qxe4 Nf6 13. Qh4 b5 14. Be2 Bb7
15. Rd1 Ne4 16. O-O Qxh4 17. Nxh4 Bd5 18. b3 Rac8 19. Bf3 Be7 20. Bxe4 Bxe4 21.
Nf3 Rc2 22. a4 Rb2 23. axb5 axb5 24. Bc1 Ra2 25. Rd7 Bf6 26. Nd4 b4 27. f3 Bd5
28. Rc7 h6 29. h3 Rb8 30. Rf2 Ra1 31. f4 Bxd4 32. exd4 Bxb3 33. Kh2 Bd5 34. f5
exf5 35. Rxf5 Be6 36. Re5 Rd8 37. Bb2 Ra2 38. Bc1 Rxd4 39. Rb5 b3 0-1

[Event "4NCL Rapid Team 2014"]
[Site "Daventry ENG"]
[Date "2014.10.04"]
[Round "6.1"]
[White "Rendle, Thomas E"]
[Black "Flear, Glenn C"]
[Result "1-0"]
[WhiteTitle "IM"]
[BlackTitle "GM"]
[WhiteElo "2383"]
[BlackElo "2462"]
[WhiteTeam "Sons of Anarchy Grantham 1"]
[BlackTeam "Guildford"]
[WhiteFideId "408760"]
[BlackFideId "400165"]
[EventDate "2014.10.04"]

1. e4 e5 2. Nf3 Nc6 3. Bb5 a6 4. Ba4 Nf6 5. O-O b5 6. Bb3 Bc5 7. d3 h6 8. a4 Rb8
9. c3 d6 10. Nbd2 O-O 11. h3 Be6 12. axb5 axb5 13. Re1 Re8 14. Nf1 d5 15. Ng3
dxe4 16. Bxe6 exf3 17. Bb3 fxg2 18. Qf3 Qd7 19. Nf5 Bf8 20. Ra6 Rb6 21. Rxb6
cxb6 22. Kxg2 Na5 23. Ba2 Qb7 24. b4 Qxf3+ 25. Kxf3 Nb7 26. Rg1 Kh8 27. Bxf7 Rc8
28. Bd2 Nd6 29. Nxd6 Bxd6 30. Ra1 Rf8 31. Bg6 Nd5+ 32. Ke2 Rc8 33. Bf5 Rf8 34.
Be4 Nf4+ 35. Bxf4 exf4 36. d4 g5 37. Ra8 Rxa8 38. Bxa8 Kg7 39. Bc6 h5 40. Kf3
Kf6 41. Bxb5 Bc7 42. Be8 h4 43. Bd7 Ke7 44. Bg4 Kd6 45. Ke4 Bd8 46. c4 Be7 47.
Bd1 Kc7 48. c5 Bf6 49. Kd5 bxc5 50. dxc5 Bc3 51. b5 Be1 52. f3 Bf2 53. Bc2 Be3
54. Be4 Bf2 55. Kc4 Be1 56. b6+ Kb8 57. c6 1-0

[Event "4NCL Rapid Team 2014"]
[Site "Daventry ENG"]
[Date "2014.10.04"]
[Round "6.1"]
[White "Wall, Gavin"]
[Black "Roberson, Peter T"]
[Result "0-1"]
[WhiteTitle "IM"]
[BlackTitle "IM"]
[WhiteElo "2314"]
[BlackElo "2415"]
[WhiteTeam "Guildford"]
[BlackTeam "Sons of Anarchy Grantham 1"]
[WhiteFideId "2501244"]
[BlackFideId "412384"]
[EventDate "2014.10.04"]

1. e4 e6 2. d4 d5 3. e5 c5 4. c3 Nc6 5. Nf3 Bd7 6. dxc5 Bxc5 7. b4 Bb6 8. Bd3
Nge7 9. Qe2 Ng6 10. b5 Na5 11. h4 h6 12. h5 Ne7 13. Nbd2 Rc8 14. Bb2 Qc7 15. Rh4
Nf5 16. Rf4 Qd8 17. g4 Nh4 18. Kf1 Nxf3 19. Qxf3 O-O 20. c4 Nxc4 21. Nxc4 dxc4
22. Bxc4 Rxc4 23. Rxc4 Bxb5 24. Rc1 Qd5 25. Qb3 Rc8 0-1

[Event "4NCL Rapid Team 2014"]
[Site "Daventry ENG"]
[Date "2014.10.04"]
[Round "6.1"]
[White "Grund, Holger"]
[Black "Wadsworth, Matthew J"]
[Result "1/2-1/2"]
[WhiteElo "2415"]
[BlackElo "2135"]
[WhiteTeam "Sons of Anarchy Grantham 1"]
[BlackTeam "Guildford"]
[WhiteFideId "4624475"]
[BlackFideId "415804"]
[EventDate "2014.10.04"]

1. e4 e6 2. d4 d5 3. Nc3 Bb4 4. e5 c5 5. a3 Bxc3+ 6. bxc3 Qa5 7. Qd2 Nc6 8. Nf3
Nge7 9. a4 c4 10. Be2 Bd7 11. O-O O-O-O 12. Ba3 h6 13. Rfb1 Rde8 14. Bc5 b6 15.
Ba3 Qa6 16. a5 Nxa5 17. Bb4 Nec6 18. Qf4 Nd8 19. Rxa5 bxa5 20. Bd6 Bb5 21. Qc1
Qc6 22. Qa3 Nb7 23. Be7 a6 24. Nd2 Kd7 25. Bh4 g5 26. Bg3 h5 27. f4 h4 28. Bf2
gxf4 29. h3 Qc7 30. Nf3 Qd8 31. Qc1 Rh7 32. Qxf4 Reh8 33. Nh2 Rg7 34. Be3 a4 35.
Ng4 a3 36. Ra1 Qa5 37. Bd2 a2 38. Qf6 Rgh7 39. Qf3 Rg7 40. Qf6 Rhh7 41. Qf1 Qa3
42. Nf6+ Kc7 43. Nxh7 Rxh7 44. Qc1 Qxc1+ 45. Bxc1 Na5 46. Rxa2 Nc6 47. Bg5 Kd7
48. Bf6 Ne7 49. Bg4 Ng8 50. Bg5 Nh6 51. Bf3 Nf5 52. Bf6 Rh6 53. Kf2 Kc6 54. Bg4
Ng3 55. Bf3 Nf5 56. Ra3 Rh7 57. Ra1 Kd7 58. Ke2 Rh6 59. Kd2 Rg6 60. Bg4 Nh6 61.
Bf3 Nf5 62. Rf1 Ng3 63. Rf2 Rh6 64. Bg5 Rh8 65. Bf6 Rh7 66. Bg5 Rh8 67. Bf6 Rh7
68. Rf1 Ne4+ 1/2-1/2

[Event "4NCL Rapid Team 2014"]
[Site "Daventry ENG"]
[Date "2014.10.04"]
[Round "6.2"]
[White "Piper, Matthew S"]
[Black "Mayhew, Andrew"]
[Result "0-1"]
[WhiteElo "2362"]
[BlackElo "2120"]
[WhiteTeam "Barbican 1"]
[BlackTeam "RSJ"]
[WhiteFideId "401463"]
[BlackFideId "405493"]
[EventDate "2014.10.04"]

1. c4 g6 2. g3 c5 3. Bg2 Nc6 4. Nc3 d6 5. Nf3 Bg7 6. O-O Bf5 7. d3 Qd7 8. Rb1
Bh3 9. Bxh3 Qxh3 10. Bd2 Nf6 11. Nd5 O-O 12. b4 Nxd5 13. cxd5 Nxb4 14. Bxb4 cxb4
15. Rxb4 b6 16. Rc4 e6 17. dxe6 Qxe6 18. Qd2 Rac8 19. Rfc1 Rc5 20. Rxc5 dxc5 21.
Rc4 Rd8 22. Qc2 Bf8 23. Re4 Qd5 24. Qa4 Qd7 25. Qa6 Bd6 26. Nd2 b5 27. Nf3 Rb8
28. Qa5 Qb7 29. Qc3 Qd5 30. Qf6 Bf8 31. Qa6 Qb7 32. Qa5 c4 33. Re3 Bh6 34. Re5
cxd3 35. Qa3 Rd8 36. Qa5 Rb8 37. Qa3 dxe2 38. Rxe2 b4 39. Qb3 Rc8 40. Ne1 a5 41.
h4 Qb5 42. Qf3 a4 43. Kh2 b3 44. axb3 axb3 45. Nd3 Bg7 46. Nb2 h5 47. Re7 Qf5
48. Qxf5 gxf5 49. Re2 Rc2 0-1

[Event "4NCL Rapid Team 2014"]
[Site "Daventry ENG"]
[Date "2014.10.04"]
[Round "6.2"]
[White "Snape, Ian L"]
[Black "Pritchett, Craig W"]
[Result "0-1"]
[BlackTitle "IM"]
[WhiteElo "2172"]
[BlackElo "2315"]
[WhiteTeam "RSJ"]
[BlackTeam "Barbican 1"]
[WhiteFideId "404489"]
[BlackFideId "2400065"]
[EventDate "2014.10.04"]

1. e4 c5 2. Nf3 e6 3. d4 cxd4 4. Nxd4 a6 5. Bd3 d6 6. O-O Nf6 7. Qe2 Be7 8. c4
O-O 9. Nc3 b6 10. f4 Bb7 11. Be3 Nbd7 12. Rad1 Qc7 13. Bf2 Rac8 14. Rc1 Rfe8 15.
b3 Bf8 16. Rfe1 g6 17. g4 e5 18. fxe5 Nxe5 19. g5 Nh5 20. Be3 Qd7 21. Nd5 Bxd5
22. cxd5 Rxc1 23. Rxc1 Nxd3 24. Qxd3 Qg4+ 25. Kf2 Qh4+ 26. Kg2 Rxe4 27. Ne2 Rg4+
28. Kf1 Qxh2 29. Ke1 Ng3 30. Nxg3 Rxg3 31. Qe4 Rg2 32. Qf3 Qh4+ 33. Bf2 Qxg5 34.
Rc2 Qe5+ 35. Kf1 Rg5 36. Re2 Qxd5 37. Qxd5 Rxd5 38. Bxb6 h5 39. Re8 Kg7 40. Bf2
f6 41. Ra8 a5 42. a3 g5 43. b4 axb4 44. axb4 Rb5 45. Ra7+ Kg6 46. Ra8 Bh6 47.
Rd8 Rxb4 48. Rxd6 Rf4 49. Kg2 h4 50. Be3 Rf5 51. Rd8 g4 52. Bd4 Rf3 53. Rg8+ Kf5
54. Rh8 h3+ 55. Kh2 Bf4+ 56. Kg1 Ke4 0-1

[Event "4NCL Rapid Team 2014"]
[Site "Daventry ENG"]
[Date "2014.10.04"]
[Round "6.2"]
[White "Dorrington, Chris J"]
[Black "Talsma, Paul"]
[Result "1-0"]
[WhiteElo "2329"]
[BlackElo "2193"]
[WhiteTeam "Barbican 1"]
[BlackTeam "RSJ"]
[WhiteFideId "410462"]
[BlackFideId "1018779"]
[EventDate "2014.10.04"]

1. Nf3 f5 2. d3 Nc6 3. e4 e5 4. Nc3 Nf6 5. Be2 fxe4 6. dxe4 Bb4 7. O-O Bxc3 8.
bxc3 O-O 9. Nd2 d6 10. Bc4+ Kh8 11. a4 Qe8 12. Qe2 Nh5 13. f3 Nd8 14. g3 Qg6 15.
Qg2 Ne6 16. Bd3 a5 17. Nc4 Ng5 18. h4 Bh3 19. hxg5 Bxg2 20. Kxg2 Qe6 21. Ne3 g6
22. Bd2 c6 23. Bc4 Qe7 24. Ng4 Rad8 25. Rae1 Qc7 26. Bb3 b5 27. axb5 cxb5 28.
Bd5 Rb8 29. c4 bxc4 30. Bc3 Qc5 31. f4 Qa3 32. Re3 Qa2 33. Re2 Rb2 34. fxe5 Rxf1
35. exd6+ Ng7 36. Bxb2 Qxb2 37. Kxf1 Qb1+ 38. Kg2 Qb8 39. e5 Qb5 40. Nf6 c3 41.
Rf2 Nf5 42. d7 Qb6 43. e6 Kg7 44. Rxf5 gxf5 45. e7 Qe3 46. e8=Q 1-0

[Event "4NCL Rapid Team 2014"]
[Site "Daventry ENG"]
[Date "2014.10.04"]
[Round "6.2"]
[White "Jones, William E G"]
[Black "Rogers, Jonathan W"]
[Result "0-1"]
[BlackTitle "FM"]
[WhiteElo "2124"]
[BlackElo "2297"]
[WhiteTeam "RSJ"]
[BlackTeam "Barbican 1"]
[WhiteFideId "470554"]
[BlackFideId "402052"]
[EventDate "2014.10.04"]

1. e4 e5 2. Nf3 Nc6 3. Bb5 Nf6 4. O-O d6 5. Re1 Be7 6. c3 O-O 7. h3 Bd7 8. d4
Re8 9. d5 Nb8 10. Bxd7 Nbxd7 11. c4 Nc5 12. Nc3 a5 13. Rb1 c6 14. b3 cxd5 15.
cxd5 Qd7 16. Qe2 Rec8 17. Bd2 Bd8 18. a4 Bb6 19. Nh4 g6 20. Bg5 Ne8 21. Qd2 Bd8
22. Bxd8 Qxd8 23. Nf3 Ng7 24. Nb5 Qd7 25. Kh2 Rf8 26. Qh6 f6 27. Re2 Rad8 28.
Nh4 Nh5 29. g3 Qg7 30. Qxg7+ Nxg7 31. Re3 f5 32. exf5 gxf5 33. f4 e4 34. Rf1 Nd3
35. Nd4 Rc8 36. Ng2 Rc5 37. g4 fxg4 38. hxg4 Rxd5 39. Nb5 Nc5 40. f5 Rd2 41. Kg3
d5 42. Rf2 Rxf2 43. Kxf2 h5 44. Kg3 hxg4 45. Nh4 Nxf5+ 46. Nxf5 Rxf5 47. Kxg4
Rf1 48. Rc3 b6 49. Nd4 Kf7 50. Rh3 Rg1+ 51. Kf5 Nd3 52. Rh7+ Rg7 53. Rh3 Ke7 54.
Nb5 Rf7+ 55. Kg5 Kd7 56. Kg6 Nf4+ 57. Kxf7 Nxh3 58. Nc3 e3 59. Ne2 Kd6 60. Kf6
Nf2 61. Kf5 Kc5 62. Ke5 Nd3+ 63. Kf5 d4 64. Ke4 Nf2+ 65. Kf3 d3 0-1

[Event "4NCL Rapid Team 2014"]
[Site "Daventry ENG"]
[Date "2014.10.04"]
[Round "6.3"]
[White "Batchelor, Peter J"]
[Black "Turner, Matthew J"]
[Result "0-1"]
[BlackTitle "GM"]
[WhiteElo "2236"]
[BlackElo "2482"]
[WhiteTeam "Sons of Anarchy Grantham 2"]
[BlackTeam "Millfield"]
[WhiteFideId "424854"]
[BlackFideId "402893"]
[EventDate "2014.10.04"]

1. d4 Nf6 2. Nf3 g6 3. g3 Bg7 4. Bg2 O-O 5. O-O d6 6. a4 Nbd7 7. a5 a6 8. Nc3 e5
9. e4 exd4 10. Nxd4 Re8 11. Nd5 Nxe4 12. Re1 Nef6 13. Bg5 Rxe1+ 14. Qxe1 c6 15.
Ne7+ Kf8 16. Ndxc6 bxc6 17. Nxc6 Qe8 18. Qb4 Nc5 19. Qf4 Nfe4 20. Re1 Qxc6 21.
b4 Ne6 22. Bxe4 d5 0-1